00668 a2200169 4500003000500000005001700005010001600022020001500038040000900053082001200062100002000074245004500094260003100139300003400170505027700204650001700481Nust20221201121824.0 a 80024416 a0471059900 cNust00a534,TEM1 aTemkin, Samuel,10aElements of acoustics / cSamuel Temkin. aNew York :bWiley,cc1981. axii, 515 p. :bill. ;c24 cm. aBasic Fluid Mechanics and Thermodynamics (Page-1), Basic Properties of Acoustic Waves (Page-33), Reflection and Transmission Phenomena (Page-77), Spherical and Cylindrical Waves (Page-199), Sound Emission (Page-269), Sound Absorption (Page-367), Bibliography (Page-478).  0aSound-waves.